5 grupos inmigrantes más grandes por país - Estadísticas

Estadísticas generales
  • Esta prueba ha sido intentada 8.415 veces
    4.296 desde el último reinicio
  • La puntuación promedio es 21 de 34
Estadísticas de respuestas
Lugar País % Correcto
Estados Unidos (1) México
97%
Estados Unidos (3), Japón (1), Australia (3) China
95%
Francia (2) Marruecos
89%
Estados Unidos (2), Australia (2), Reino Unido (1), Baréin (1) India
84%
Suiza (2), Francia (5) Italia
82%
Alemania (3), Rusia (1) Ucrania
81%
Brasil (1) Venezuela
81%
Suiza (4) Francia
80%
Japón (3) Corea del Sur
79%
Suiza (1) Alemania
78%
Francia (1) Argelia
77%
Suiza (3), Francia (3), Brasil (2) Portugal
74%
Reino Unido (3), Barén (3) Pakistán
70%
Alemania (1), Reino Unido (2) Polonia
70%
Australia (1) Reino Unido
68%
Brasil (5) Japón
67%
Alemania (4) Rusia
67%
Suiza (5), Alemania (2) Turquía
66%
Reino Unido (5) Irlanda
62%
Australia (4) Nueva Zelanda
58%
Japón (5) Brasil
57%
Baréin (4) Egipto
57%
Rusia (2) Kazajistán
57%
Estados Unidos (4), Japón (4), Australia (5), Baréin (5) Filipinas
53%
Alemania (5), Reino Unido (4) Rumania
49%
Japón (2) Vietnam
48%
Francia (4) Túnez
47%
Baréin (2) Bangladés
44%
Brasil (4) Paraguay
42%
Rusia (3) Uzbekistán
38%
Rusia (5) Armenia
31%
Rusia (4) Tayikistán
29%
Estados Unidos (5) El Salvador
22%
Brasil (3) Haití
22%
No se encontraron pruebas coincidentes
Distribución de puntuación
Porcentaje de gente con cada puntuación
Porcentaje por número respondido
Historial de tus puntuaciones
No has intentado esta prueba desde el último reinicio